00931nam a22001817a 450000500170000002000180001704100080003508200190004310000200006224500910008226000540017330000210022750400510024850503680029965000240066765000340069165000240072520260520103851.0 a9789361313394 aENG a362.11068bABA aGhosh, Abantika aGames hospitals play :bdecoding your private healthcare experience /cAbantika Ghosh. aNew Delhi :bBloomsbury Publishing India ,c2025. a199 p. ;c18 cm. aIncludes bibliographical references and index. aIntroduction -- 1. The MRP trap -- 2. One surgery for the price of two -- 3. The package deal -- 4. The hidden costs -- 5. to refer or not to refer -- 6. Monitoring is a money-spinner -- 7. Emergencies feed bottom lines -- 8. Do you have insurance? -- 9. Too much of a good thing -- 10. Medicine beyond borders -- 11. The cutting edge -- 12. Acting the playbook. aMedical carezIndia aHealth services aministration aHospital management